| 000 | 01081aab a2200241 i 4500 | ||
|---|---|---|---|
| 001 | 768714001 | ||
| 003 | CO-MdFUSB | ||
| 005 | 20240711151046.0 | ||
| 008 | 240711t2001 sz ||||| |||| 00| 0 eng d | ||
| 040 |
_bspa _cCO-MdFUSB |
||
| 041 | _aeng | ||
| 100 | 1 |
_aLebacqz, Karen (1945-) _eautor |
|
| 245 |
_aFaith, globalization, the economy, the earth and fullness of life _c/ Karen Lebacqz |
||
| 520 | _aLa justicia política puede ofrecer el mínimo de capacidades para todas las personas, y eso es bueno. Pero el mínimo aún no es la plenitud de vida que se nos ofrece en el don de Jesucristo. Se necesita más que sistemas y estructuras para garantizar que todas las personas tengan la oportunidad de disfrutar de esa plenitud de vida. | ||
| 546 | _aTexto en inglés. | ||
| 650 | 7 |
_aFe _9531 |
|
| 650 | 7 |
_aPolítica social _92578 |
|
| 650 | 0 |
_aVida cristiana _919 |
|
| 650 | 7 |
_aIglesia _9655 |
|
| 773 | 0 |
_tReformed World _049396 _959516 _gVolumen 51, (número 3, 2001) páginas: 116 - 122 _qpágina: 116 |
|
| 942 | _cANA | ||
| 945 | _aCatherine Arias Álvarez - Practicante SENA | ||
| 999 |
_c55601 _d55601 |
||